PUBLIC FINANCE (Record no. 126647)

MARC details
000 -LEADER
fixed length control field 00303pam a2200133 a 4500
020 ## - INTERNATIONAL STANDARD BOOK NUMBER
International Standard Book Number 0-03-031389-9
Terms of availability
041 ## - LANGUAGE CODE
Language code of original
082 ## - DEWEY DECIMAL CLASSIFICATION NUMBER
Classification number 336
Item number HYM
100 ## - MAIN ENTRY--PERSONAL NAME
Personal name HYMAN D.N.,
245 ## - TITLE STATEMENT
Title PUBLIC FINANCE
Medium Textual Documents
260 ## - PUBLICATION, DISTRIBUTION, ETC.
Place of publication, distribution, etc. LONDON
Name of publisher, distributor, etc. THE DRYDEN PRESS
Date of publication, distribution, etc. 1990
300 ## - PHYSICAL DESCRIPTION
Extent XXIII+689
930 ## - EQUIVALENCE OR CROSS-REFERENCE-UNIFORM TITLE HEADING [LOCAL, CANADA]
Uniform title 7184
Holdings
Withdrawn status Lost status Damaged status Not for loan Collection Home library Current library Date acquired Total Checkouts Full call number Barcode Date last seen Copy number Price effective from Koha item type
          Institute of Management & Entrepreneurship Development, Pune Institute of Management & Entrepreneurship Development, Pune 18/04/2011   336 HYM IMP-IM-5295 01/03/2023 1 01/03/2023 Book